000 00812cab a2200277 4500
001 ABS46628
008 090401t1992 xxu||||| |||| 00| 0 eng d
035 _a(Sirsi) u58916
041 _aeng
100 _aRobinson, R.
245 _aWho wants to be an immobilier?
260 _c1992
350 _a0
490 _aValuer (ISVA)
_v61(5) June 1992, 20(1)
520 _aAn introduction to the French property profession and its place in the law and market of house sales.
650 _aESTATE AGENCY
650 _aFEDERATION NATIONAL DES AGENTS IMMOBILIERS
650 _aFNAIM
650 _aFRANCE
650 _aHOUSE SALES
650 _aPROPERTY PROFESSIONS
690 _aOVERSEAS-EUROPE
690 _aMANAGEMENT-BUSINESS MANAGEMENT-PROFESSIONAL PRACTICE
942 _n0
948 _c04/03/1997
999 _c36043
_d36043